000 nam a22 i 4500
999 _c24357
_d24357
003 WA 310
005 20190509133310.0
007 cr an nnnanaaa
008 180613s2019 pl a fou |000 0 eng d
020 _a9788381679886
040 _aWA 310/bw
_bpol
_erda
_cWA 310/bw
_dWA 310/bw
041 0 _aeng
_apol
245 0 0 _aKompatybilność elektromagnetyczna (EMC) - Część 6-1: Normy ogólne - Norma dotycząca odporności w środowiskach: mieszkalnym, handlowym i lekko uprzemysłowionym =
_bElectromagnetic compatibility (EMC) - Part 6-1: Generic standards - Immunity standard for residential, commercial and light-industrial environments (IEC 61000-6-1:2016) PN-EN IEC 61000-6-1:2019-03E /
_cPolski Komitet Normalizacyjny.
246 1 3 _aPN-EN IEC 61000-6-1
246 1 3 _aICS 33.100.20
246 1 3 _aPolska Norma
246 3 1 _aElectromagnetic compatibility (EMC) - Part 6-1: Generic standards - Immunity standard for residential, commercial and light-industrial environments (IEC 61000-6-1:2016)
260 _aWarszawa :
_bPolski Komitet Normalizacyjny,
_ccopyright 2019.
300 _a28 stron :
_bilustracje ;
_c30 cm.
336 _aTekst
_btxt
_2rdacontent
337 _aKomputer
_bc
_2rdamedia
338 _aDokument online
_bcr
_2rdacarrier
500 _aTytuł z ekranu tytułowego.
500 _aWprowadza EN IEC 61000-6-1:2019, IDT ; IEC 61000-6-1:2016, IDT ; Zastępuje PN-EN 61000-6-1:2008 ; Zatwierdzona 25 marca 2019 r.
500 _aNorma Europejska EN IEC 61000-6-1:2019 [...] ma status Polskiej Normy.
504 _aBibliografia na stronie 18.
530 _aDostępne wyłącznie w formie elektronicznej.
538 _aTryb dostępu: online.
546 _aTekst w języku angielskim, strona tytułowa w języku polskim.
650 _aKompatybilność elektromagnetyczna
_vnormy.
_91216
710 1 _aPolska.
_bPolski Komitet Normalizacyjny.
_eInstytucja sprawcza
_eWydawca
_4pbl
_91107
920 _a978-83-8167-988-6
942 _2ddc
_cBK